|
|
|
|
| LEADER |
01771nam a2200469 a 4500 |
| 001 |
000695216 |
| 003 |
CZ BrMZK |
| 005 |
20040211081317.0 |
| 007 |
ta |
| 008 |
031031s2003 xr acf e 000 0bcze d |
| 015 |
|
|
|a cnb001248566
|
| 020 |
|
|
|a 80-7341-036-2
|q (váz.) :
|c Kč 490,00
|
| 035 |
|
|
|a (OCoLC)53260748
|
| 040 |
|
|
|a ABA001
|b cze
|d BOA001
|
| 041 |
1 |
|
|a cze
|h eng
|
| 043 |
|
|
|a n-us---
|
| 045 |
|
|
|a x1x9
|
| 072 |
|
7 |
|a 929
|x Biografie
|2 Konspekt
|9 8
|
| 072 |
|
7 |
|a 32
|x Politika
|2 Konspekt
|9 15
|
| 080 |
|
|
|a 929
|2 MRF
|
| 080 |
|
|
|a 32-051
|2 MRF
|
| 080 |
|
|
|a (73)
|2 MRF
|
| 080 |
|
|
|a (092)
|2 MRF
|
| 100 |
1 |
|
|a Summers, Anthony,
|d 1942-
|7 jn20010601027
|4 aut
|
| 245 |
1 |
0 |
|a Richard Nixon - "arogance moci" /
|c Anthony Summers ve spolupráci s Robyn Swanovou ; přeložil Zdeněk Hron
|
| 246 |
3 |
3 |
|a Arogance moci
|
| 250 |
|
|
|a 1. vyd. v českém jazyce
|
| 260 |
|
|
|a Praha :
|b BB art,
|c 2003
|
| 300 |
|
|
|a 638 s., [32] s. obr. příl. :
|b il., portréty ;
|c 24 cm
|
| 504 |
|
|
|a Obsahuje bibliografii, bibliografické odkazy a rejstřík
|
| 500 |
|
|
|a Překlad z angličtiny
|
| 500 |
|
|
|a Dostupné též v digitální podobě v aplikaci Kramerius
|
| 600 |
1 |
7 |
|a Nixon, Richard Milhous,
|d 1913-1994
|7 jn20000701324
|2 czenas
|
| 650 |
0 |
7 |
|a prezidenti
|7 ph124601
|z Spojené státy americké
|2 czenas
|
| 655 |
|
7 |
|a biografie
|7 fd131909
|2 czenas
|
| 700 |
1 |
|
|a Swan, Robbyn
|7 xx0009176
|4 aut
|
| 700 |
1 |
|
|a Hron, Zdeněk,
|d 1944-
|7 jk01042858
|
| 765 |
0 |
|
|t <<The >>arrogance of power
|9 Česky
|
| 856 |
4 |
1 |
|u http://www.digitalniknihovna.cz/mzk/uuid/uuid:9cc3e210-7628-11e4-b2f6-005056827e51
|y Digitalizovaný dokument
|x NDK
|
| 910 |
|
|
|a BOA001
|b 2-1123.900
|
| 990 |
|
|
|a BK
|
| 996 |
6 |
|
|b 2610201277
|c 2-1123.900
|l MZK
|r Sklad / do 1 hodiny
|n 1
|p p.v.
|w 000695216
|u 000010
|a 1
|e BOA001
|j MZK50
|s P
|